[Event "17th Asian Cities"]
[Site "Jakarta INA"]
[Date "2011.04.27"]
[Round "7.6"]
[White "Suhail, Abdurahim"]
[Black "Sie Thu"]
[Result "0-1"]
[WhiteElo "2242"]
[BlackElo "2237"]
[WhiteTeam "Dubai"]
[BlackTeam "Yangon"]
[WhiteFideId "9300228"]
[BlackFideId "13002767"]
[EventDate "2011.04.22"]

1. Nc3 d5 2. e4 dxe4 3. Nxe4 Bf5 4. Ng3 Bg6 5. Nf3 e6 6. d4 Nf6 7. Bd3 c5 8. O-O
Nc6 9. c3 cxd4 10. cxd4 Bxd3 11. Qxd3 Be7 12. Qb3 Qb6 13. Qxb6 axb6 14. Be3 O-O
15. Ne5 Nd5 16. Nxc6 bxc6 17. Rfc1 Rfc8 18. Ne4 Kf8 19. a3 Ke8 20. Rc2 Kd7 21.
Rac1 f5 22. Nc3 Ra5 23. Kf1 Bf6 24. Ke2 Nxc3+ 25. Rxc3 Rd5 26. Rb3 Kc7 27. Rc4
g5 28. g3 Rcd8 29. Ra4 Kb7 30. Rab4 b5 31. a4 Be7 32. Rc4 Kb6 33. Rc2 h6 34.
axb5 cxb5 35. Rbc3 R8d6 36. Rc7 Bf6 37. Rh7 Bxd4 38. Bxd4+ Rxd4 39. Rxh6 Re4+
40. Kf1 b4 41. Rh8 Rd1+ 42. Kg2 g4 43. Rb8+ Ka7 44. Rbc8 Ree1 45. f4 Rd3 46. b3
Rd6 47. R8c4 Rb6 48. Rd4 Re3 49. Rb2 Ka6 50. h4 Kb5 51. Rd8 Rb7 52. Rh8 Rd7 53.
Rb8+ Kc5 54. Kh2 Rdd3 55. Rg2 Rxb3 56. h5 Rb1 57. Rc2+ Kd4 58. Rd8+ Ke4 59. Rdd2
b3 60. Rb2 Ra1 61. h6 Ra7 62. Kg2 Rh7 63. Re2 Rxe2+ 64. Rxe2+ Kd3 65. Rxe6 b2
66. Rd6+ Kc2 67. Rc6+ Kb1 68. Rg6 Kc2 69. Rc6+ Kd3 70. Rd6+ Kc2 71. Rc6+ Kb1 72.
Rg6 Rc7 73. Rg7 Rc2+ 74. Kf1 Kc1 75. Rh7 b1=Q 0-1

[Event "17th Asian Cities"]
[Site "Jakarta INA"]
[Date "2011.04.27"]
[Round "7.7"]
[White "Khalaji, Hanieh"]
[Black "Tandukar, Naveen"]
[Result "0-1"]
[WhiteElo "1967"]
[BlackElo "1978"]
[WhiteTeam "Mashhad"]
[BlackTeam "Kathmandu"]
[WhiteFideId "12506176"]
[BlackFideId "5021189"]
[EventDate "2011.04.22"]

1. e4 c5 2. Nf3 e6 3. d4 Qc7 4. Be2 d6 5. O-O Nd7 6. c3 Ngf6 7. Bd3 c4 8. Bc2 b5
9. a4 Bb7 10. Qe2 a6 11. Bf4 e5 12. Bg3 Rb8 13. axb5 axb5 14. Na3 Bc8 15. Nd2
Be7 16. f4 O-O 17. Kh1 Rb6 18. f5 Re8 19. Rf3 Nh5 20. Bf2 Nf4 21. Qd1 Rb8 22.
Be3 Bg5 23. g3 Nh3 24. Kg2 Bxe3 25. Rxe3 exd4 26. cxd4 Ng5 27. h4 Nxe4 28. Nxe4
d5 29. Nb1 dxe4 30. Nc3 Nf6 31. Nxe4 Bb7 32. Qf3 b4 33. Ra7 Nd5 34. Re2 Qb6 35.
Ra1 b3 36. Bb1 Qxd4 0-1

[Event "17th Asian Cities"]
[Site "Jakarta INA"]
[Date "2011.04.27"]
[Round "7.7"]
[White "Bajracharya, Rajendra"]
[Black "Alavi, Homa"]
[Result "0-1"]
[WhiteElo "1989"]
[BlackElo "2008"]
[WhiteTeam "Kathmandu"]
[BlackTeam "Mashhad"]
[WhiteFideId "12300241"]
[BlackFideId "12507547"]
[EventDate "2011.04.22"]

1. e4 c5 2. Nf3 e6 3. d4 cxd4 4. Nxd4 a6 5. Be3 Nf6 6. Nc3 Qc7 7. a3 Nc6 8. Be2
Be7 9. O-O O-O 10. Nb3 b5 11. f4 d6 12. Bf3 Bb7 13. Qe1 b4 14. Na4 bxa3 15. bxa3
Nd8 16. e5 Nd5 17. Bxd5 Bxd5 18. Nb6 Rb8 19. Nxd5 exd5 20. f5 dxe5 21. f6 Bxf6
22. Rxf6 gxf6 23. Bh6 Ne6 24. Qh4 Qxc2 25. Nd2 Qg6 26. Rf1 f5 27. Nf3 f6 28.
Bxf8 Kxf8 29. Qa4 Rb2 30. Nh4 Qg5 31. Qxa6 Nd4 32. Qd6+ Kg7 33. g3 Qe3+ 34. Kh1
Qe4+ 35. Nf3 Nxf3 36. Qe7+ Kg6 37. Qe8+ Kh6 38. Qf8+ Kh5 0-1

[Event "17th Asian Cities"]
[Site "Jakarta INA"]
[Date "2011.04.27"]
[Round "7.8"]
[White "Tan, Khai Boon"]
[Black "Medina, Warda Aulia"]
[Result "0-1"]
[BlackTitle "WFM"]
[WhiteElo "2150"]
[BlackElo "2035"]
[WhiteTeam "Penang"]
[BlackTeam "Tarakan"]
[WhiteFideId "5701970"]
[BlackFideId "7101570"]
[EventDate "2011.04.22"]

1. d4 d5 2. c4 e6 3. Nc3 Nf6 4. Bg5 c6 5. e3 Bb4 6. Qc2 Nbd7 7. Nf3 Qa5 8. Nd2
dxc4 9. Bxf6 Nxf6 10. Nxc4 Qg5 11. f4 Qh5 12. g3 Qh6 13. Bg2 O-O 14. O-O Be7 15.
e4 Rd8 16. Rad1 b6 17. e5 Nd5 18. Rfe1 Qg6 19. Qb3 h5 20. Ne3 Nxe3 21. Rxe3 Bb7
22. Be4 Qh6 23. Rf3 g6 24. Qa4 b5 25. Qc2 Rd7 26. a4 b4 27. Ne2 Rad8 28. Qc4 Qf8
29. Rfd3 a5 30. Nc1 Ra8 31. R3d2 h4 32. Bxg6 c5 33. Bb1 Rxd4 34. Rxd4 cxd4 35.
Kf2 Rc8 36. Qd3 Qh6 37. Rg1 Kh8 38. Nb3 Bd5 39. Nxa5 hxg3+ 0-1

[Event "17th Asian Cities"]
[Site "Jakarta INA"]
[Date "2011.04.27"]
[Round "7.8"]
[White "Sihite, Chelsie Monica"]
[Black "Yeap, Eng Chiam"]
[Result "1-0"]
[WhiteTitle "WFM"]
[WhiteElo "2039"]
[BlackElo "2140"]
[WhiteTeam "Tarakan"]
[BlackTeam "Penang"]
[WhiteFideId "7101198"]
[BlackFideId "5702682"]
[EventDate "2011.04.22"]

1. e4 e6 2. d4 b6 3. Bd3 Bb7 4. Nf3 c5 5. O-O Qc7 6. c3 Nf6 7. Re1 Nc6 8. d5 Ne5
9. Nxe5 Qxe5 10. f4 Qc7 11. c4 exd5 12. exd5+ Kd8 13. Nc3 a6 14. a4 Be7 15. Qf3
Ne8 16. a5 Bf6 17. Bd2 Bd4+ 18. Kh1 Kc8 19. axb6 Qxb6 20. Na4 Qc7 21. Re4 Nf6
22. Rxd4 cxd4 23. Qf2 Kd8 24. Nb6 Rb8 25. Ba5 Ke8 26. Qxd4 Kf8 27. Bf5 Kg8 28.
Nxd7 Qd6 29. Nxb8 h5 30. Bc3 Qxb8 31. Qb6 Ne8 32. Be5 Qa8 33. h3 Rh6 34. Qb4 Bc8
35. Bxc8 Qxc8 36. c5 Rg6 37. Qb8 Qd7 38. c6 Qxd5 39. Qxe8+ Kh7 40. Rg1 Rxc6 41.
Bc3 Qf5 42. Qxc6 1-0

[Event "17th Asian Cities"]
[Site "Jakarta INA"]
[Date "2011.04.27"]
[Round "7.8"]
[White "Lindiawati, Evi"]
[Black "Looi, Xin Hao"]
[Result "1/2-1/2"]
[WhiteTitle "WCM"]
[WhiteElo "2106"]
[BlackElo "1970"]
[WhiteTeam "Tarakan"]
[BlackTeam "Penang"]
[WhiteFideId "7101449"]
[BlackFideId "5702828"]
[EventDate "2011.04.22"]

1. e4 c5 2. Nf3 d6 3. d4 cxd4 4. Nxd4 Nf6 5. Nc3 a6 6. Be3 e6 7. f3 Be7 8. Qd2
b5 9. O-O-O Bb7 10. g4 Qc7 11. h4 Nbd7 12. g5 Nh5 13. Rg1 Nc5 14. Bxb5+ axb5 15.
Ndxb5 Qc6 16. Nxd6+ Qxd6 17. Qxd6 Bxd6 18. Rxd6 Nd7 19. f4 Ke7 20. Rgd1 Rhd8 21.
a4 Ng3 22. R6d4 Bxe4 23. Rg1 Bxc2 24. Rxg3 Bf5 25. b4 Rdc8 26. Kb2 Nb6 27. a5
Nc4+ 28. Kb3 Nxa5+ 29. bxa5 Rab8+ 30. Rb4 Bc2+ 31. Kxc2 Rxb4 32. Rf3 1/2-1/2

[Event "17th Asian Cities"]
[Site "Jakarta INA"]
[Date "2011.04.27"]
[Round "7.9"]
[White "Kadek, Iin Dwijayanti"]
[Black "Yee, Soon Wei"]
[Result "1-0"]
[WhiteTitle "WCM"]
[BlackTitle "FM"]
[WhiteElo "1919"]
[BlackElo "2285"]
[WhiteTeam "Pekanbaru"]
[BlackTeam "Bandar Seri Begawan"]
[WhiteFideId "7101066"]
[BlackFideId "10500553"]
[EventDate "2011.04.22"]

1. e4 e5 2. Nf3 Nc6 3. Nc3 Nf6 4. d4 exd4 5. Nxd4 Bb4 6. Nxc6 bxc6 7. Bd3 d5 8.
exd5 cxd5 9. O-O O-O 10. Bg5 c6 11. Qf3 Bd6 12. h3 Rb8 13. Rab1 Re8 14. Ne2 Be5
15. b3 h6 16. Bf4 Qd6 17. Rfe1 Rb7 18. Ba6 Rbe7 19. Bxe5 Qxe5 20. Bxc8 Rxc8 21.
Qc3 Rce8 22. Qxe5 Rxe5 23. Kf1 Ne4 24. Rbd1 g5 25. f3 Nd6 26. Nd4 Rxe1+ 27. Rxe1
Rxe1+ 28. Kxe1 c5 29. Nc6 Nf5 30. Ke2 d4 31. g4 Ne3 32. Kd2 Nd5 33. Nxa7 Nf4 34.
Nc6 Kf8 35. a4 Ke8 36. a5 Kd7 37. Ne5+ Ke6 38. a6 Nd5 39. Nc4 Nc7 40. a7 Na8 41.
Kd3 Kd5 42. Nd2 Nb6 43. Ne4 Ke5 44. Nxc5 Kf4 45. Nd7 Na8 46. b4 1-0

[Event "17th Asian Cities"]
[Site "Jakarta INA"]
[Date "2011.04.27"]
[Round "7.11"]
[White "AlHuwar, Jasem"]
[Black "Tsang, Hon Ki"]
[Result "1/2-1/2"]
[WhiteTitle "FM"]
[WhiteElo "2334"]
[BlackElo "2079"]
[WhiteTeam "Abu Dhabi"]
[BlackTeam "Hongkong"]
[WhiteFideId "9300465"]
[BlackFideId "6000185"]
[EventDate "2011.04.22"]

1. Nf3 c5 2. c4 Nc6 3. d4 cxd4 4. Nxd4 Nf6 5. Nc3 e6 6. e4 Bc5 7. Nb3 Be7 8. Be2
O-O 9. O-O Qc7 10. Be3 b6 11. Qd2 Ne5 12. Rac1 Bb7 13. f3 Rfd8 14. Rfd1 Rac8 15.
Nd4 Qb8 16. b3 Ba8 17. Rb1 Bb4 18. Nc2 Be7 19. Qe1 d5 20. exd5 exd5 21. cxd5
Bxd5 22. Bd4 Bb7 23. Rbc1 Ng6 24. g3 Qa8 25. Qf2 Nf8 26. b4 Ne6 27. a3 Ng5 28.
Qe3 Nxf3+ 29. Bxf3 Bxf3 30. Rf1 Bh1 31. Ne1 Ne4 1/2-1/2

[Event "17th Asian Cities"]
[Site "Jakarta INA"]
[Date "2011.04.27"]
[Round "7.11"]
[White "Lee, T H Bryan"]
[Black "Ibrahim, Ismail UAE"]
[Result "1/2-1/2"]
[WhiteElo "1964"]
[BlackElo "2158"]
[WhiteTeam "Hongkong"]
[BlackTeam "Abu Dhabi"]
[WhiteFideId "6000584"]
[BlackFideId "9301038"]
[EventDate "2011.04.22"]

1. e4 c5 2. Nf3 Nc6 3. d4 cxd4 4. Nxd4 Nf6 5. Nc3 e5 6. Ndb5 d6 7. Bg5 a6 8. Na3
b5 9. Nd5 Be7 10. Bxf6 Bxf6 11. c3 Bg5 12. Nc2 Ne7 13. Ncb4 O-O 14. a4 bxa4 15.
Qxa4 a5 16. Nxe7+ Qxe7 17. Nd5 Qb7 18. Bb5 Rb8 19. c4 f5 20. O-O fxe4 21. Qxa5
Be6 22. Ne3 Ra8 23. Qc3 Rxa1 24. Rxa1 Qf7 25. Qc2 Bh4 26. Rf1 Qb7 27. Qd2 Qb6
28. Qc2 Qd4 29. g3 Bg5 1/2-1/2

[Event "17th Asian Cities"]
[Site "Jakarta INA"]
[Date "2011.04.27"]
[Round "7.11"]
[White "Khouri, Ahmed Abbas"]
[Black "Tsao, Yui"]
[Result "1-0"]
[WhiteTitle "FM"]
[WhiteElo "2013"]
[BlackElo "1775"]
[WhiteTeam "Abu Dhabi"]
[BlackTeam "Hongkong"]
[WhiteFideId "9301518"]
[BlackFideId "6001114"]
[EventDate "2011.04.22"]

1. e4 e6 2. d4 d5 3. Nc3 Nf6 4. Bg5 Be7 5. e5 Nfd7 6. Bxe7 Qxe7 7. f4 c5 8. Nf3
Nc6 9. Bb5 O-O 10. O-O f6 11. exf6 Qxf6 12. Bxc6 bxc6 13. g3 Rb8 14. b3 cxd4 15.
Qxd4 c5 16. Qxf6 Nxf6 17. Rfe1 Bd7 18. Rad1 Rbe8 19. Ne5 d4 20. Ne4 Nxe4 21.
Nxd7 Rf7 22. Ne5 Nc3 23. Nxf7 Nxd1 24. Nd6 Rd8 25. Nb7 Rb8 26. Nxc5 Ne3 27. c3
Nf5 28. cxd4 Nxd4 29. Re4 Nb5 30. Rxe6 Rc8 31. Re5 Nd4 32. Kf2 Nc6 33. Re4 a5
34. Rc4 Ne7 35. Nb7 Ra8 36. Ke3 Ra7 37. Nd6 Rd7 38. Nc8 Nd5+ 39. Ke4 Nf6+ 40.
Kf3 Rd3+ 41. Ke2 Rd8 42. Ne7+ Kf7 43. Nc6 Rd5 44. Ra4 Rc5 45. Ne5+ Ke6 46. Nc4
Rh5 47. h4 Ne4 48. Kf3 Nc3 49. Ra3 Nb1 50. Rxa5 Nd2+ 51. Ke2 Rxa5 52. Nxa5 Ne4
53. Ke3 Nc3 54. a4 Kd5 55. Nc4 Kc5 56. Nd2 Kd5 57. a5 Kc5 58. Kd3 Kb4 59. a6 Nb5
60. Ke4 Kc3 61. Ke3 Na7 62. f5 Nc6 63. g4 Kb4 64. g5 Kb5 65. a7 Nxa7 66. f6 1-0

[Event "17th Asian Cities"]
[Site "Jakarta INA"]
[Date "2011.04.27"]
[Round "7.11"]
[White "Kuan, Julian"]
[Black "Zayed, Ali Al-hamed"]
[Result "0-1"]
[WhiteElo "1768"]
[BlackElo "1928"]
[WhiteTeam "Hongkong"]
[BlackTeam "Abu Dhabi"]
[WhiteFideId "6001025"]
[BlackFideId "9303340"]
[EventDate "2011.04.22"]

1. e4 e5 2. d4 exd4 3. c3 dxc3 4. Bc4 Bb4 5. Nxc3 Bxc3+ 6. bxc3 Qe7 7. Qe2 d6 8.
Nf3 Nf6 9. Bd3 O-O 10. O-O Bg4 11. h3 Bh5 12. Qe3 Nc6 13. Nd4 Bg6 14. Re1 Rfe8
15. Ba3 Ne5 16. f3 Nfd7 17. Bf1 Nb6 18. Bc1 d5 19. exd5 Nxd5 20. Qd2 Qc5 21. Bb2
Nb6 22. Kh1 Nbc4 23. Qc1 Nd3 24. Rxe8+ Rxe8 25. Bxd3 Bxd3 26. Qd2 Nxd2 0-1

[Event "17th Asian Cities"]
[Site "Jakarta INA"]
[Date "2011.04.27"]
[Round "7.12"]
[White "Wong, Meng Kong"]
[Black "Lee, Sanghoon"]
[Result "1-0"]
[WhiteTitle "GM"]
[BlackTitle "CM"]
[WhiteElo "2358"]
[BlackElo "2132"]
[WhiteTeam "Singapore"]
[BlackTeam "Seoul"]
[WhiteFideId "5800030"]
[BlackFideId "13200011"]
[EventDate "2011.04.22"]

1. d4 Nf6 2. c4 g6 3. Nc3 d5 4. cxd5 Nxd5 5. Bd2 Bg7 6. e4 Nb6 7. Be3 O-O 8. h3
Nc6 9. Nf3 f5 10. exf5 gxf5 11. d5 Ne5 12. Nxe5 Bxe5 13. Bd4 Bxd4 14. Qxd4 e5
15. Qd2 a6 16. Be2 Qd6 17. f4 Bd7 18. O-O-O Rae8 19. Bh5 Re7 20. fxe5 Rxe5 21.
Rhe1 Nc4 22. Qg5+ Kh8 23. Rxe5 Qxe5 24. Bf3 b5 25. Qh4 Qe3+ 26. Kc2 Qc5 27. Qd4+
Qxd4 28. Rxd4 Nd6 29. Ne2 Re8 30. Nf4 Kg7 31. Nd3 Bc8 32. a4 Kf6 33. axb5 axb5
34. Kb3 Re3 35. Kb4 Bd7 36. Nc5 Be8 37. Rh4 h5 38. Rd4 Ke5 39. Rd1 Nc4 40. b3
Nb6 41. Ne6 Kd6 42. Ng7 Bg6 43. Bxh5 Nxd5+ 44. Rxd5+ Kxd5 45. Bxg6 c5+ 46. Kxb5
Rxb3+ 47. Ka4 Rb4+ 48. Ka3 Ke5 49. Nh5 f4 50. Bd3 Rd4 51. Be2 Kf5 52. Kb3 Kg5
53. Kc3 Re4 54. Bg4 Re7 55. Kc4 Rc7 56. Bf3 Rc8 57. Ng7 Kf6 58. Ne6 Ke5 59. Ng5
Rg8 60. Ne4 Rc8 61. Nf2 Kd6 62. Nd3 Rf8 63. Kc3 Rf7 64. Nb2 Re7 65. Nc4+ Kc7 66.
Kd3 Re3+ 67. Nxe3 1-0

[Event "17th Asian Cities"]
[Site "Jakarta INA"]
[Date "2011.04.27"]
[Round "7.12"]
[White "Jang, Kyungsik"]
[Black "Iskandar, Bin Abdullah"]
[Result "1/2-1/2"]
[WhiteElo "1779"]
[BlackElo "1876"]
[WhiteTeam "Seoul"]
[BlackTeam "Singapore"]
[WhiteFideId "13201166"]
[BlackFideId "5802105"]
[EventDate "2011.04.22"]

1. e4 e6 2. d4 d5 3. exd5 exd5 4. Bd3 Bd6 5. Nf3 Ne7 6. O-O Bg4 7. c3 Nbc6 8.
Nbd2 Qd7 9. Qc2 O-O-O 10. b4 f6 11. a4 g5 12. a5 h5 13. b5 Nb8 14. Ba3 h4 15.
Bxd6 Qxd6 16. c4 Qf4 17. Rae1 Rde8 18. g3 hxg3 19. fxg3 Qd6 20. c5 Qd7 21. a6
bxa6 22. bxa6 Nf5 23. Qb2 c6 24. Rb1 Qc7 25. Nxg5 Nxg3 26. Qb7+ Qxb7 27. axb7+
Kd7 28. hxg3 fxg5 29. Bf5+ Bxf5 30. Rxf5 g4 31. Rbf1 Re7 32. Rf7 Re8 33. Nb3 Kd8
34. Rxe7 Rxe7 35. Rf8+ Kc7 1/2-1/2

[Event "17th Asian Cities"]
[Site "Jakarta INA"]
[Date "2011.04.27"]
[Round "7.12"]
[White "Tan, Tze Lin Tommy"]
[Black "Kim, Taegyeong"]
[Result "0-1"]
[BlackTitle "WCM"]
[WhiteElo "1704"]
[BlackElo "1506"]
[WhiteTeam "Singapore"]
[BlackTeam "Seoul"]
[WhiteFideId "5805295"]
[BlackFideId "13200976"]
[EventDate "2011.04.22"]

1. d4 d5 2. Bg5 f6 3. Bh4 Nh6 4. e3 Nf5 5. Bg3 h5 6. h3 Nxg3 7. fxg3 Qd6 8. Kf2
h4 9. gxh4 Rxh4 10. Nf3 Rh8 11. Bd3 e5 12. dxe5 fxe5 13. Be2 Be7 14. Rf1 Rf8 15.
Kg1 Qb6 16. Kh1 Qxb2 17. Nbd2 e4 18. Nd4 Qb6 19. Rxf8+ Kxf8 20. Qf1+ Qf6 21.
Qxf6+ Bxf6 22. Rf1 Ke7 23. Nf5+ Bxf5 24. Rxf5 c6 25. c4 g6 26. Rf2 Bg5 27. Nf1
Nd7 28. cxd5 cxd5 29. Bg4 Rf8 30. Rxf8 Nxf8 31. Bc8 b6 32. Bb7 Kd6 33. Kg1 Nd7
34. Kf2 Nc5 35. Bc8 Nd3+ 36. Kg3 Ke5 37. h4 Bh6 38. Ba6 d4 39. Bxd3 exd3 40.
exd4+ Kxd4 41. Kf2 Kc3 42. g4 d2 43. Nxd2 Bxd2 44. h5 gxh5 45. gxh5 Kb2 46. a4
Ka3 47. a5 b5 48. a6 b4 49. Ke2 Bh6 50. Kd3 b3 51. Kc4 b2 52. Kd5 b1=Q 53. Ke5
Qb5+ 54. Ke4 Qxh5 55. Kd4 Kb4 56. Ke4 Kc5 57. Kd3 Qh4 58. Kc3 Qh3+ 59. Kc2 Kb4
60. Kb2 Qb3+ 0-1

[Event "17th Asian Cities"]
[Site "Jakarta INA"]
[Date "2011.04.27"]
[Round "8.1"]
[White "Yu, Yangyi"]
[Black "Hamdani, Rudin"]
[Result "1-0"]
[WhiteTitle "GM"]
[BlackTitle "FM"]
[WhiteElo "2652"]
[BlackElo "2368"]
[WhiteTeam "Shi Jiazhuang"]
[BlackTeam "Palembang"]
[WhiteFideId "8603820"]
[BlackFideId "7100213"]
[EventDate "2011.04.22"]

1. e4 c5 2. Nf3 d6 3. d4 cxd4 4. Nxd4 Nf6 5. Nc3 Nc6 6. Bc4 e6 7. Bb3 Be7 8. Be3
O-O 9. Qe2 a6 10. O-O-O Qc7 11. Rhg1 b5 12. g4 g6 13. Nxc6 Qxc6 14. Nd5 Bd8 15.
Bd4 Nd7 16. Qe3 e5 17. Qh6 exd4 18. Rd3 Re8 19. g5 Re6 20. f4 Ra7 21. f5 Nf8 22.
f6 Rxf6 23. gxf6 Ne6 24. Rh3 1-0

[Event "17th Asian Cities"]
[Site "Jakarta INA"]
[Date "2011.04.27"]
[Round "8.1"]
[White "Halay, Taufik"]
[Black "Li, Chao b"]
[Result "0-1"]
[WhiteTitle "IM"]
[BlackTitle "GM"]
[WhiteElo "2346"]
[BlackElo "2646"]
[WhiteTeam "Palembang"]
[BlackTeam "Shi Jiazhuang"]
[WhiteFideId "7101392"]
[BlackFideId "8604436"]
[EventDate "2011.04.22"]

1. d4 d5 2. c4 c6 3. Nc3 Nf6 4. e3 g6 5. Nf3 Bg7 6. Bd3 O-O 7. O-O dxc4 8. Bxc4
Nbd7 9. a3 Nb6 10. Ba2 Nfd5 11. Qe2 Bg4 12. h3 Bxf3 13. Qxf3 Nxc3 14. bxc3 Na4
15. Bd2 e5 16. Rfb1 Qe7 17. Bb3 Nb6 18. a4 Rfd8 19. Ra2 Rac8 20. a5 Nd7 21. Ba4
Rc7 22. Bc1 Qe6 23. Bb3 Qf6 24. Qxf6 Nxf6 25. Ba3 Ne4 26. Rc2 b6 27. f3 Nd6 28.
Bxd6 Rxd6 29. axb6 axb6 30. Ra2 h5 31. Kf2 c5 32. dxc5 Rxc5 33. c4 Rd3 34. Ke2
Rc3 35. Ra8+ Kh7 36. Ra7 Ra5 37. Rxa5 bxa5 38. Kd2 e4 39. fxe4 Be5 40. Rb2 Kg7
41. Ba2 Ra3 42. Rc2 Bd6 43. Bb1 Bb4+ 44. Kc1 Rb3 45. Ba2 Rd3 46. Re2 a4 47. e5
a3 48. e4 Rc3+ 49. Kd1 Kf8 50. Rc2 Re3 51. Re2 Rd3+ 52. Kc2 Rc3+ 53. Kd1 Ke7 54.
Rf2 Bc5 55. Rf3 Rxf3 56. gxf3 g5 57. Bb3 Ke6 58. Kc2 Kxe5 59. Ba4 Kf4 60. Be8
Kxf3 61. Bxf7 Kg3 62. Bxh5 Kxh3 63. e5 g4 64. e6 g3 0-1

[Event "17th Asian Cities"]
[Site "Jakarta INA"]
[Date "2011.04.27"]
[Round "8.1"]
[White "Wan, Yunguo"]
[Black "Tirto"]
[Result "1-0"]
[BlackTitle "IM"]
[WhiteElo "2458"]
[BlackElo "2337"]
[WhiteTeam "Shi Jiazhuang"]
[BlackTeam "Palembang"]
[WhiteFideId "8603189"]
[BlackFideId "7101058"]
[EventDate "2011.04.22"]

1. e4 c5 2. Nf3 d6 3. d4 cxd4 4. Nxd4 Nf6 5. Nc3 a6 6. Be3 e5 7. Nb3 Be6 8. f4
exf4 9. Bxf4 Nc6 10. Qd2 d5 11. exd5 Nxd5 12. Nxd5 Qxd5 13. Qxd5 Bxd5 14. O-O-O
O-O-O 15. g3 Be6 16. Rxd8+ Kxd8 17. Bg2 Be7 18. Rd1+ Kc8 19. Bd6 Bxd6 20. Rxd6
Kc7 21. Rd2 Re8 22. Nc5 Bg4 23. b3 Re1+ 24. Kb2 Re2 25. Rxe2 Bxe2 26. c4 Bg4 27.
Kc3 Bc8 28. Bxc6 Kxc6 29. Kd4 a5 30. Nd3 Be6 31. a3 f6 32. b4 axb4 33. axb4 b6
34. Nf4 Bf7 35. Ne2 Be6 36. Nc3 h6 37. b5+ Kd6 38. Ne4+ Kc7 39. c5 f5 40. cxb6+
Kxb6 41. Nd6 g6 42. Ke5 Bd7 43. Kf6 Kc5 44. Ke7 Bxb5 45. Nxb5 g5 46. Ke6 f4 47.
gxf4 gxf4 48. Nd6 Kd4 49. Nf5+ Ke4 50. Nxh6 f3 51. Ng4 Kf4 52. Ne5 Ke4 53. Nxf3 1-0

[Event "17th Asian Cities"]
[Site "Jakarta INA"]
[Date "2011.04.27"]
[Round "8.1"]
[White "Kaisar, Jenius Hakiki"]
[Black "Wang, Rui"]
[Result "1/2-1/2"]
[BlackTitle "GM"]
[WhiteElo "2251"]
[BlackElo "2437"]
[WhiteTeam "Palembang"]
[BlackTeam "Shi Jiazhuang"]
[WhiteFideId "7102097"]
[BlackFideId "8601003"]
[EventDate "2011.04.22"]

1. e4 e5 2. Nf3 Nc6 3. d4 exd4 4. Nxd4 Nf6 5. Nc3 Bc5 6. Be3 Nxd4 7. Bxd4 Qe7 8.
Bc4 O-O 9. O-O Bxd4 10. Qxd4 d6 11. f4 Rd8 12. Rae1 c6 13. a4 Qc7 14. Kh1 Be6
15. Bxe6 fxe6 16. e5 dxe5 17. Qxe5 Rd6 18. Ne4 Nxe4 19. Rxe4 Qd7 20. Rfe1 Rf8
21. Qc5 a6 22. h3 Rf6 23. Qe3 h6 24. Kh2 Kf7 25. Re2 Rd1 26. Re1 Rd5 27. Re2 Rd6
28. Qb6 Kg8 29. Qb3 Qf7 30. Qe3 Qd7 31. Qb3 Kh8 32. Qe3 Kg8 33. Qb3 Kf7 34. Qb6
Kg8 35. Qb3 Qc7 36. Qe3 b5 37. g3 Kf7 38. f5 Qc8 39. Re5 bxa4 40. c4 c5 41. Rxc5
Qd7 42. fxe6+ Qxe6 43. Rc7+ Kg6 44. Qxe6 Rfxe6 45. Rc2 Rd3 46. c5 Rde3 47. Ra7
Kh7 48. Rf7 Kg6 49. Rff2 Rc6 50. Rf4 a3 51. Rg4+ Kh7 52. bxa3 Rxa3 53. h4 Re3
54. Kg2 Re5 55. Rgc4 Kg6 56. Rg4+ Kf7 57. Ra4 Ke6 58. Rca2 Rexc5 59. Rxa6 1/2-1/2

[Event "17th Asian Cities"]
[Site "Jakarta INA"]
[Date "2011.04.27"]
[Round "8.2"]
[White "Kotsur, Pavel"]
[Black "Stany, G.A."]
[Result "1-0"]
[WhiteTitle "GM"]
[WhiteElo "2562"]
[BlackElo "2407"]
[WhiteTeam "Astana"]
[BlackTeam "Bangalore"]
[WhiteFideId "13700278"]
[BlackFideId "5029104"]
[EventDate "2011.04.22"]

1. d4 Nf6 2. c4 b6 3. f3 Nc6 4. e3 e5 5. d5 Ne7 6. Nc3 Ng6 7. a3 Bb7 8. Bd3 c6
9. h4 Bd6 10. Nge2 Rc8 11. h5 Ne7 12. e4 h6 13. b4 cxd5 14. cxd5 a6 15. Qb3 b5
16. a4 bxa4 17. Nxa4 Rb8 18. Bd2 O-O 19. Nb2 Bxd5 20. exd5 Nexd5 21. b5 axb5 22.
Ng3 Qb6 23. Ne4 Nxe4 24. fxe4 Nc7 25. Nd1 Ne6 26. Ne3 Nc5 27. Qd5 1-0

[Event "17th Asian Cities"]
[Site "Jakarta INA"]
[Date "2011.04.27"]
[Round "8.2"]
[White "Sanjay, N."]
[Black "Ismagambetov, Anuar"]
[Result "1-0"]
[BlackTitle "GM"]
[WhiteElo "2335"]
[BlackElo "2496"]
[WhiteTeam "Bangalore"]
[BlackTeam "Astana"]
[WhiteFideId "5003075"]
[BlackFideId "13701525"]
[EventDate "2011.04.22"]

1. Nf3 d5 2. d4 Nf6 3. c4 e6 4. Nc3 Bb4 5. cxd5 exd5 6. Bg5 O-O 7. e3 Nbd7 8.
Bd3 c5 9. O-O Qa5 10. Ne2 c4 11. Bc2 Ne4 12. Bf4 Re8 13. Ng3 Ndf6 14. Ne5 Nxg3
15. fxg3 Be6 16. g4 Rac8 17. g5 Ne4 18. Qh5 Qd8 19. Rf3 g6 20. Qh4 f6 21. gxf6
Qxf6 22. Qxf6 Nxf6 23. Ba4 Ne4 24. Bxe8 Rxe8 25. Bh6 Bd6 26. h3 b5 27. a3 Rc8
28. Rff1 a5 29. Nf3 Ng3 30. Rfe1 Bf5 31. Bf4 Bxf4 32. exf4 Be4 33. Ng5 Bd3 34.
Kf2 Nf5 35. Ne6 b4 36. axb4 axb4 37. g4 Nd6 38. Nc5 Ne4+ 39. Ke3 Nxc5 40. dxc5
Rxc5 41. Ra7 Rc8 42. Kd4 h5 43. Rea1 hxg4 44. Ra8 Rxa8 45. Rxa8+ Kf7 46. hxg4
Be2 47. Ra7+ Ke6 48. Ra6+ Kf7 49. g5 Bf3 50. Rf6+ Kg7 51. Rb6 b3 52. Rb7+ Kf8
53. f5 gxf5 54. g6 c3 55. bxc3 Be4 56. Ke5 b2 57. Rxb2 Kg7 58. Rb6 f4 59. Kxf4
Bxg6 60. Ke5 Bf7 61. Rb7 Kg8 62. Rxf7 Kxf7 63. Kxd5 Ke7 64. Kc6 1-0

[Event "17th Asian Cities"]
[Site "Jakarta INA"]
[Date "2011.04.27"]
[Round "8.3"]
[White "Barus, Cerdas"]
[Black "Ghaem Maghami, Ehsan"]
[Result "1/2-1/2"]
[WhiteTitle "GM"]
[BlackTitle "GM"]
[WhiteElo "2443"]
[BlackElo "2606"]
[WhiteTeam "Jakarta"]
[BlackTeam "Tehran"]
[WhiteFideId "7100094"]
[BlackFideId "12500739"]
[EventDate "2011.04.22"]

1. d4 Nf6 2. c4 e6 3. Nf3 c5 4. d5 exd5 5. cxd5 g6 6. Nc3 d6 7. e4 a6 8. a4 Bg4
9. Be2 Bxf3 10. Bxf3 Bg7 11. O-O O-O 12. Re1 Nbd7 13. Bf4 Ne8 14. Be2 Qc7 15.
Bf1 Nef6 16. Qc2 Rfe8 17. h3 Rac8 18. Bh2 c4 19. Kh1 Nc5 20. Rad1 Nfd7 21. Bxc4
Nxa4 22. Qxa4 Nb6 23. Qa2 Nxc4 24. Rc1 Ne5 25. Rcd1 Nc4 26. Rc1 Nxb2 27. Qxb2
Bxc3 28. Bxd6 Qxd6 29. Rxc3 Rxc3 30. Qxc3 Qf4 1/2-1/2